Statistics for TCD's Name the War

Click here to take the quiz!

General Stats

  • This quiz has been taken 154 times
    (81 since last reset)
  • The average score is 25 of 46

Answer Stats

BelligerentsWar/Conflict/Revolution% Correct
Roman EmpirePunic Wars
92%
France, Russia, UK, USA, ItalyWorld War One
88%
Germany, Italy, JapanWorld War Two
86%
North Vietnam, Khmer RougeVietnam War
85%
House of LancasterWars of the Roses
85%
South Korea, USA, UNKorean War
82%
Confederate States of AmericaAmerican Civil War
80%
Kuwait, USA, UK, Saudi ArabiaPersian Gulf War
76%
Seljuks, Fatimids, AbbasidsCrusades
74%
United StatesMexican-American War
73%
UK, France, Ottoman EmpireCrimean War
71%
France, Rhine, Poland, Italy, SpainNapoleonic Wars
71%
United States, Philippines, CubaSpanish-American War
71%
England, Aquitaine, NavarreHundred Year's War
70%
United StatesWar of 1812
70%
United States, France, SpainAmerican Revolutionary War
68%
Delian LeaguePeloponnesian War
68%
Egypt, Syria, Iraq, Saudi ArabiaYom Kippur War
65%
Great Britain, IriquoisSeven Year's War
64%
IranIran-Iraq War
61%
Russian Empire, MontenegroRusso-Japanese War
61%
Orange Free StateBoer Wars
59%
CavaliersEnglish Civil War
59%
UK, East India CompanyOpium Wars
59%
Egypt, Syria, Arab Exped. ForceSix-Day War
56%
Communist Party of ChinaChinese Civil War
55%
National Faction, Germany, ItalySpanish Civil War
55%
Denmark, Sweden, FranceThirty Year's War
55%
British Empire, NatalAnglo-Zulu War
53%
German Confederation, BavariaFranco-Prussian War
53%
Qing EmpireFirst Sino-Japanese War
44%
Russian SFSR, FinlandRussian Civil War
44%
Bulgaria, Greece, SerbiaBalkan Wars
42%
26th of July MovementCuban Revolution
41%
Barbary StatesBarbary Wars
35%
French Republic, SpainFrench Revolutionary Wars
35%
Greek City StatesGreco-Persian Wars
32%
Russia, Denmark-Norway, PolandGreat Northern War
30%
DRC, Various militiasSecond Congo War
30%
HRE, Great Britain, PortugalWar of the Spanish Succession
30%
MexicoMexican War of Independence
29%
Tokugawa ShogunateBoshin War
21%
Peru, BoliviaWar of the Pacific
14%
Russia, Serbia, RomaniaRusso-Turkish War
12%
First Philippine Republic, SuluPhilippine-American War
9%
UK, East India CompanyAnglo-Burmese Wars
8%

Score Distribution

Percentile by Number Answered

Percent of People with Each Score

Your Score History

You have not taken this quiz since the last reset